|
|
|
|
| LEADER |
00000nam0a2200000 4500 |
| 001 |
18520 |
| 005 |
20231030191317.0 |
| 010 |
|
|
|a 5250000827
|
| 035 |
|
|
|a (RuTPU)RU\TPU\book\18670
|
| 035 |
|
|
|a BOOK00003358
|
| 090 |
|
|
|a 18520
|
| 100 |
|
|
|a 20011209d1988 km y0rusy50 ca
|
| 101 |
0 |
|
|a rus
|
| 102 |
|
|
|a RU
|
| 105 |
|
|
|a y z 000zy
|
| 200 |
1 |
|
|a Сотрудничество и борьба
|e Из опыта отношений КПСС с непрлетарскими и некоммунистическими партиями
|f М. И. Басманов, К. В. Гусев, В. А. Полушкина
|
| 210 |
|
|
|a Москва
|c Политиздат
|d 1988
|
| 215 |
|
|
|a 382 с.
|
| 333 |
|
|
|a Исключено из фонда НТБ ТПУ
|
| 700 |
|
1 |
|a Басманов
|b М. И.
|g Михаил Иванович
|
| 701 |
|
1 |
|a Гусев
|b К. В.
|g Кирилл Владимирович
|
| 701 |
|
1 |
|a Полушкина
|b В. А.
|
| 801 |
|
0 |
|a RU
|b 63413507
|c 20011209
|g PSBO
|
| 801 |
|
2 |
|a RU
|b 63413507
|c 20170216
|g PSBO
|
| 942 |
|
|
|c BK
|